书目信息 |
| 书名: | Essential introductory linguistics | |
| 作者: | Grover Hudson | |
| 分册号: | ||
| 分册名: | 出版地: | Beijing : |
|
| 出版社: | Peking University Press | |
| 出版时间: | 2005. | |
| 页数: | 2, 15, ix, 533 p. : | |
| 开本: | 23 cm. | |
| 丛书名: | 西方语言学原版影印系列丛书 | |
| 中图分类号: | ||
| 科图分类号: | ||
| 其他分类号: | H0 | |
| 主题词: | ||
| 电子资源: | ||
| 000 | 01303nam 2200361 a 4500 | |
| 001 | E0755768117 | |
| 004 | 001192484 | |
| 004 | 001192484 | |
| 005 | 20070702153133.84 | |
| 008 | 4001uueng0000000 | |
| 008 | 4001uueng0000000 | |
| 008 | 001 0 eng | |
| 010 | @a98051949 | |
| 020 | @a7301075952 :@cCNY65.00. | |
| 035 | @a(DLC) 98051949 | |
| 040 | @aDLC @bchi@cDLC @dDLC @dCcBjTSG | |
| 041 | @aeng@bchi@heng | |
| 050 | 00 | @aP121 @b.H746 2000 |
| 082 | 00 | @a410 @221 |
| 090 | @aH0 | |
| 099 | @dH0@ex116 | |
| 100 | 1 | @aHudson, Grover. |
| 245 | 10 | @aEssential introductory linguistics / @cGrover Hudson |
| 246 | 34 | @a语言学入门纲要 |
| 250 | @a影印版. | |
| 260 | @aBeijing :@bPeking University Press,@c2005. | |
| 300 | @a2, 15, ix, 533 p. :@bill. ;@c23 cm. | |
| 440 | 0 | @a西方语言学原版影印系列丛书 ; @v18 |
| 504 | @aIncludes bibliographical references (p. [505]-516) and index. | |
| 534 | @pReprint. Originally published: @cMalden, Mass. : Blackwell Publishers, 2000, @z0631203036. @z0631203044. | |
| 650 | 0 | @aLinguistics. @b01 @c20050705 @lNLC09 @h1657 @b40 @c20050711 @lNLC09 @h1748 @b40 @c20050711 @lNLC09 @h1750 @b40 @c20050718 @lNLC09 @h1526 @b40 @c20050718 @lNLC09 @h1527 |
| 852 | 0 | @bWWDY @k2-2005 @hH0 @iH885 |
| 852 | 0 | @bWWJC @cJ09 @k2-2005 @hH0 @iH885 |
| Essential introductory linguistics / / Grover Hudson.-影印版.-Beijing : : Peking University Press, , 2005. |
| 2, 15, ix, 533 p. : : ill. ; ; 23 cm.- (西方语言学原版影印系列丛书 ; 18 ) |
| Includes bibliographical references (p. [505]-516) and index. |
| ISBN 7301075952 :CNY65.00. |
| ● |
| 相关链接 |
|
|
|
|
正题名:Essential introductory linguistics
索取号:H0/x116
 
预约/预借
| 序号 | 登录号 | 条形码 | 馆藏地/架位号 | 状态 | 备注 |
| 1 | 12196 | 300121963 | 第二样本阅览室/ [索取号:H0/x116] | 在馆 | |
| 2 | 12197 | 300121972 | 第四借阅区/ [索取号:H0/x116] | 在馆 | |
| 3 | 12198 | 300121981 | 第四借阅区/ [索取号:H0/x116] | 在馆 | |
| 4 | 12199 | 300121990 | 第四借阅区/ [索取号:H0/x116] | 在馆 | |
| 5 | 12200 | 300122007 | 第四借阅区/ [索取号:H0/x116] | 在馆 | |
| 6 | 12201 | 300122016 | 第四借阅区/ [索取号:H0/x116] | 在馆 | |
| 7 | 12202 | 300122025 | 第四借阅区/ [索取号:H0/x116] | 在馆 | |
| 8 | 12203 | 300122034 | 第四借阅区/ [索取号:H0/x116] | 在馆 |